[Event "DVM U12 2020"]
[Site "Magdeburg GER"]
[Date "2021.08.07"]
[Round "6"]
[White "Herrmann, Jakob"]
[Black "Detjen, Mattes"]
[Result "1-0"]
[Termination "normal"]
[Board "8.1"]
[WhiteElo "1531"]
[BlackElo "1162"]
[WhiteClock "01:28:58"]
[BlackClock "01:04:19"]
[WhiteTeam "SAV Torgelow-Drögeheide 90"]
[BlackTeam "SV Werder Bremen"]
[PlyCount "69"]
[WhiteFideId "16287169"]
[BlackFideId "16235690"]
[EventCountry "GER"]
[EventRounds "7"]
[EventType "team-swiss"]
[EventDate "2021.08.04"]

1. e4 {[%clk 01:30:57]} e5 {[%clk 01:30:30]} 2. Nf3 {[%clk 01:31:21]} Nc6
{[%clk 01:30:25]} 3. d4 {[%clk 01:31:28]} exd4 {[%clk 01:30:00]} 4. Nxd4 {[%clk
01:31:55]} {[%emt 00:00:21]} Nf6 {[%clk 01:30:05]} {[%emt 00:00:17]} 5. Nxc6
{[%clk 01:31:43]} {[%emt 00:02:19]} bxc6 6. e5 {[%clk 01:32:04]} Qe7 {[%clk
01:29:38]} 7. Qe2 {[%clk 01:32:27]} {[%emt 00:01:04]} Nd5 {[%clk 01:29:10]} 8.
c4 {[%clk 01:32:47]} {[%emt 00:00:04]} Nb6 {[%clk 01:28:58]} {[%emt 00:19:44]}
9. b3 {[%clk 01:29:59]} d5 {[%clk 01:27:18]} 10. exd6 {[%clk 01:29:14]} cxd6
{[%clk 01:26:23]} 11. Bb2 {[%clk 01:29:16]} d5 {[%clk 01:22:54]} 12. Qxe7+
{[%clk 01:27:59]} Bxe7 {[%clk 01:21:36]} 13. cxd5 {[%clk 01:28:02]} cxd5 {[%clk
01:19:47]} 14. Bxg7 {[%clk 01:28:21]} {[%emt 00:05:54]} Rg8 {[%clk 01:18:08]}
15. Bd4 {[%clk 01:27:14]} Bg4 {[%clk 01:16:34]} 16. Bb5+ {[%clk 01:26:56]}
{[%emt 00:00:46]} Bd7 {[%clk 01:14:52]} {[%emt 00:02:17]} 17. Bxd7+ {[%clk
01:27:06]} {[%emt 00:04:31]} Kxd7 {[%clk 01:15:11]} 18. O-O {[%clk 01:26:32]}
Rac8 {[%clk 01:14:36]} 19. Nc3 {[%clk 01:25:28]} Bd6 {[%clk 01:11:45]} {[%emt
00:04:04]} 20. Bxb6 {[%clk 01:25:27]} axb6 {[%clk 01:10:22]} {[%emt 00:01:27]}
21. Nxd5 {[%clk 01:25:54]} Rc6 {[%clk 01:09:27]} {[%emt 00:04:02]} 22. Nf6+
{[%clk 01:26:14]} Ke6 {[%clk 01:07:34]} 23. Nxg8 {[%clk 01:26:11]} {[%emt
00:00:23]} Bf4 {[%clk 01:07:42]} {[%emt 00:06:13]} 24. Rfe1+ {[%clk 01:26:05]}
Be5 {[%clk 01:06:45]} 25. f4 {[%clk 01:26:25]} Rc8 {[%clk 01:05:08]} 26. Rxe5+
Kd7 {[%clk 01:05:26]} 27. Rd1+ {[%clk 01:26:18]} {[%emt 00:00:05]} Kc7 {[%clk
01:04:11]} {[%emt 00:02:09]} 28. Rc1+ {[%clk 01:26:12]} Kb8 {[%clk 01:03:32]}
{[%emt 00:03:38]} 29. Rxc8+ {[%clk 01:26:31]} Kxc8 {[%clk 01:03:26]} 30. Nf6
{[%clk 01:26:46]} h5 {[%clk 01:02:59]} 31. Nxh5 {[%clk 01:27:13]} f6 {[%clk
01:03:15]} 32. Nxf6 {[%clk 01:27:38]} {[%emt 00:00:04]} b5 {[%clk 01:03:38]}
33. Re7 {[%clk 01:28:04]} b4 {[%clk 01:03:55]} {[%emt 00:00:06]} 34. f5 {[%clk
01:28:30]} {[%emt 00:01:43]} Kd8 {[%clk 01:04:19]} 35. Ng8 {[%clk 01:28:58]}
1-0

[Event "DVM U12 2020"]
[Site "Magdeburg GER"]
[Date "2021.08.07"]
[Round "6"]
[White "Völpel, Alexander"]
[Black "Drechsler, Andor"]
[Result "0-1"]
[Termination "normal"]
[Board "8.2"]
[WhiteElo "1008"]
[BlackElo "1256"]
[WhiteClock "01:35:03"]
[BlackClock "00:31:48"]
[WhiteTeam "SV Werder Bremen"]
[BlackTeam "SAV Torgelow-Drögeheide 90"]
[PlyCount "114"]
[WhiteFideId "34603131"]
[BlackFideId "16266900"]
[EventCountry "GER"]
[EventRounds "7"]
[EventType "team-swiss"]
[EventDate "2021.08.04"]

1. e4 {[%clk 01:30:59]} {[%emt 00:01:59]} c5 {[%clk 01:30:52]} 2. Nf3 {[%clk
01:31:24]} Nc6 {[%clk 01:31:16]} 3. d4 {[%clk 01:31:49]} cxd4 {[%clk 01:31:27]}
4. Nxd4 {[%clk 01:32:09]} Nf6 {[%clk 01:31:41]} 5. Nc3 {[%clk 01:32:26]} e5
{[%clk 01:31:43]} 6. Ndb5 {[%clk 01:31:58]} d6 {[%clk 01:31:43]} 7. Bg5 {[%clk
01:31:26]} {[%emt 00:00:16]} Be7 {[%clk 01:30:53]} {[%emt 00:01:50]} 8. Bxf6
{[%clk 01:31:36]} Bxf6 {[%clk 01:29:09]} {[%emt 00:02:04]} 9. Nxd6+ {[%clk
01:29:53]} {[%emt 00:02:21]} Ke7 {[%clk 01:25:31]} {[%emt 00:04:03]} 10. Qd5
{[%clk 01:29:14]} {[%emt 00:07:44]} Qxd6 {[%clk 01:19:03]} {[%emt 00:00:24]}
11. Qb3 {[%clk 01:28:37]} {[%emt 00:09:46]} Nd4 {[%clk 01:12:38]} 12. Nd5+
{[%clk 01:27:19]} Kd8 {[%clk 01:09:14]} {[%emt 00:04:25]} 13. Qd3 {[%clk
01:26:39]} {[%emt 00:05:27]} Qd7 {[%clk 00:56:40]} {[%emt 00:08:17]} 14. O-O-O
{[%clk 01:26:12]} {[%emt 00:03:36]} Bg5+ {[%clk 00:54:32]} 15. Kb1 {[%clk
01:26:18]} {[%emt 00:00:31]} f5 {[%clk 00:47:50]} {[%emt 00:07:41]} 16. f3
{[%clk 01:26:12]} Ke8 {[%clk 00:41:55]} {[%emt 00:06:26]} 17. Qc4 {[%clk
01:25:24]} {[%emt 00:11:26]} Rb8 {[%clk 00:30:28]} {[%emt 00:04:01]} 18. h4
{[%clk 01:25:20]} Bh6 {[%clk 00:28:43]} {[%emt 00:03:18]} 19. Nc7+ {[%clk
01:17:12]} {[%emt 00:06:23]} Ke7 {[%clk 00:25:12]} {[%emt 00:08:28]} 20. Qc5+
{[%clk 01:15:53]} Qd6 {[%clk 00:24:23]} 21. Nd5+ {[%clk 01:15:20]} Kd7 {[%clk
00:23:40]} {[%emt 00:03:13]} 22. Bb5+ {[%clk 01:15:03]} Ke6 {[%clk 00:22:41]}
23. exf5+ {[%clk 01:15:03]} Nxf5 {[%clk 00:21:19]} {[%emt 00:01:53]} 24. Nf4+
{[%clk 01:14:34]} {[%emt 00:02:51]} Bxf4 {[%clk 00:21:20]} 25. Rxd6+ {[%clk
01:14:36]} Nxd6 {[%clk 00:21:41]} 26. Bc4+ {[%clk 01:14:18]} Nxc4 {[%clk
00:21:31]} {[%emt 00:01:14]} 27. Qxc4+ {[%clk 01:14:33]} Kf6 {[%clk 00:21:37]}
{[%emt 00:00:07]} 28. Rg1 {[%clk 01:14:19]} {[%emt 00:00:42]} Be6 {[%clk
00:20:51]} {[%emt 00:01:36]} 29. Qc7 {[%clk 01:05:07]} {[%emt 00:09:45]} Rhd8
{[%clk 00:18:36]} {[%emt 00:06:43]} 30. b3 {[%clk 01:05:14]} Rdc8 {[%clk
00:17:39]} 31. Qa5 {[%clk 01:05:18]} a6 {[%clk 00:17:16]} 32. g4 {[%clk
01:04:39]} h6 {[%clk 00:16:07]} {[%emt 00:02:44]} 33. g5+ {[%clk 01:04:07]}
hxg5 {[%clk 00:16:17]} {[%emt 00:00:21]} 34. hxg5+ {[%clk 01:04:24]} {[%emt
00:02:34]} Kg6 {[%clk 00:12:37]} {[%emt 00:05:54]} 35. Qb6 {[%clk 01:02:12]}
Rc6 {[%clk 00:12:00]} 36. Qa7 {[%clk 01:02:18]} Rbc8 {[%clk 00:07:33]} {[%emt
00:04:57]} 37. Qxb7 {[%clk 01:02:28]} {[%emt 00:00:44]} Bf5 {[%clk 00:05:37]}
{[%emt 00:03:29]} 38. Qe7 {[%clk 01:01:54]} Bxc2+ {[%clk 00:02:41]} {[%emt
00:03:30]} 39. Kb2 {[%clk 01:01:53]} {[%emt 00:00:07]} Bf5 {[%clk 00:01:42]}
{[%emt 00:01:26]} 40. Rg2 {[%clk 01:00:03]} {[%emt 00:02:20]} Rc2+ {[%clk
00:01:03]} {[%emt 00:01:10]} 41. Rxc2 {[%clk 01:00:10]} {[%emt 00:02:18]} Rxc2+
{[%clk 00:01:29]} 42. Ka3 {[%clk 01:00:31]} Bxg5 {[%clk 00:30:16]} 43. Qd6+
{[%clk 01:30:46]} {[%emt 00:00:17]} Bf6 {[%clk 00:29:24]} {[%emt 00:01:20]} 44.
Qxa6 {[%clk 01:30:57]} {[%emt 00:00:23]} Kf7 {[%clk 00:29:13]} {[%emt
00:00:38]} 45. Qb7+ {[%clk 01:30:48]} {[%emt 00:00:44]} Be7+ {[%emt 00:07:02]}
46. Qb4 {[%clk 01:30:56]} Bxb4+ {[%clk 00:29:01]} 47. Kxb4 {[%clk 01:31:19]}
Rxa2 {[%clk 00:29:07]} 48. Kc4 {[%clk 01:31:39]} Be6+ {[%clk 00:29:29]} 49. Kc3
{[%clk 01:32:04]} Bxb3 {[%clk 00:29:15]} 50. Kxb3 {[%clk 01:32:24]} Rf2 {[%clk
00:29:39]} {[%emt 00:02:02]} 51. Kc4 {[%clk 01:32:42]} Rxf3 {[%clk 00:30:00]}
52. Kd5 {[%clk 01:33:05]} Rf6 {[%clk 00:30:09]} 53. Kxe5 {[%clk 01:33:25]} g5
{[%clk 00:30:24]} 54. Ke4 {[%clk 01:33:49]} g4 {[%clk 00:30:45]} 55. Ke3 {[%clk
01:34:14]} g3 {[%clk 00:31:10]} 56. Ke2 {[%clk 01:34:38]} g2 {[%clk 00:31:34]}
57. Kd2 {[%clk 01:35:03]} g1=Q {[%clk 00:31:48]} 0-1

[Event "DVM U12 2020"]
[Site "Magdeburg GER"]
[Date "2021.08.07"]
[Round "6"]
[White "Briese, Paul"]
[Black "Marrufo, Emilia"]
[Result "0-1"]
[Termination "normal"]
[Board "8.3"]
[WhiteElo "1113"]
[BlackElo "898"]
[WhiteClock "00:52:15"]
[BlackClock "01:08:08"]
[WhiteTeam "SAV Torgelow-Drögeheide 90"]
[BlackTeam "SV Werder Bremen"]
[PlyCount "46"]
[WhiteFideId "16273826"]
[BlackFideId "16287363"]
[EventCountry "GER"]
[EventRounds "7"]
[EventType "team-swiss"]
[EventDate "2021.08.04"]

1. c4 {[%clk 01:31:04]} e5 {[%clk 01:28:54]} 2. Nc3 Nc6 {[%emt 00:01:17]} 3. g3
Bc5 {[%clk 01:28:54]} 4. Bg2 {[%clk 01:31:04]} d6 {[%clk 01:27:56]} 5. Nf3
{[%clk 01:30:59]} a6 {[%clk 01:25:54]} {[%emt 00:03:25]} 6. O-O {[%clk
01:29:29]} {[%emt 00:05:00]} Ba7 {[%clk 01:24:41]} 7. d3 {[%clk 01:28:24]} h5
{[%clk 01:23:55]} 8. Rb1 {[%clk 01:27:34]} {[%emt 00:01:14]} Nd4 {[%clk
01:19:25]} {[%emt 00:05:12]} 9. e3 {[%clk 01:20:55]} {[%emt 00:14:42]} Nxf3+
{[%clk 01:18:56]} 10. Bxf3 {[%clk 01:21:15]} h4 {[%clk 01:18:38]} 11. d4 {[%clk
01:17:06]} hxg3 {[%clk 01:17:32]} {[%emt 00:00:50]} 12. fxg3 {[%clk 01:17:04]}
{[%emt 00:28:22]} exd4 {[%clk 01:16:26]} 13. exd4 {[%clk 01:15:34]} Qd7 {[%clk
01:14:44]} {[%emt 00:00:04]} 14. Re1+ {[%clk 01:09:07]} Kf8 {[%clk 01:12:54]}
15. Kh1 {[%clk 01:08:50]} Qh3 {[%clk 01:11:48]} {[%emt 00:00:09]} 16. Qe2
{[%clk 01:06:36]} Bd7 {[%clk 01:10:32]} 17. Qg2 {[%clk 00:59:55]} {[%emt
00:00:44]} Qh7 {[%clk 01:08:08]} {[%emt 00:11:42]} 18. d5 {[%clk 00:52:15]} Bh3
19. Qe2 {[%clk 00:52:15]} Nf6 20. Ne4 {[%clk 00:52:15]} Re8 21. Nxf6 {[%clk
00:52:15]} Bg2+ 22. Qxg2 {[%clk 00:52:15]} Rxe1+ 23. Qg1 {[%clk 00:52:15]}
Rxg1# 0-1

[Event "DVM U12 2020"]
[Site "Magdeburg GER"]
[Date "2021.08.07"]
[Round "6"]
[White "Plath, Erik"]
[Black "Wandelt, Moritz"]
[Result "1-0"]
[Termination "normal"]
[Board "8.4"]
[WhiteElo "864"]
[BlackElo "1029"]
[WhiteClock "01:17:40"]
[BlackClock "00:41:39"]
[WhiteTeam "SV Werder Bremen"]
[BlackTeam "SAV Torgelow-Drögeheide 90"]
[PlyCount "99"]
[WhiteFideId "34608206"]
[BlackFideId "34605070"]
[EventCountry "GER"]
[EventRounds "7"]
[EventType "team-swiss"]
[EventDate "2021.08.04"]

1. e4 {[%clk 01:30:57]} {[%emt 00:00:19]} c5 {[%clk 01:30:16]} {[%emt
00:00:29]} 2. Nf3 {[%clk 01:31:14]} {[%emt 00:00:57]} e6 {[%clk 01:30:00]} 3.
c4 {[%clk 01:30:52]} {[%emt 00:02:18]} a6 {[%clk 01:29:49]} 4. d4 {[%clk
01:30:46]} cxd4 {[%clk 01:29:46]} {[%emt 00:00:32]} 5. Qxd4 {[%clk 01:31:04]}
{[%emt 00:00:04]} Qc7 {[%clk 01:25:50]} {[%emt 00:05:23]} 6. Nc3 {[%clk
01:30:33]} d6 {[%clk 01:24:10]} {[%emt 00:10:29]} 7. e5 {[%clk 01:29:36]} dxe5
{[%clk 01:20:57]} 8. Nxe5 {[%clk 01:29:25]} Nf6 {[%clk 01:20:06]} 9. Bf4 {[%clk
01:29:11]} Qc5 {[%clk 01:07:23]} {[%emt 00:12:51]} 10. Rd1 {[%clk 01:27:20]}
{[%emt 00:04:26]} Qxd4 {[%clk 01:00:00]} {[%emt 00:06:29]} 11. Rxd4 {[%clk
01:27:18]} {[%emt 00:18:43]} Bc5 {[%clk 00:59:32]} 12. Rd1 {[%clk 01:26:52]}
O-O {[%clk 00:59:04]} 13. Bd3 Nbd7 {[%clk 00:56:39]} 14. O-O {[%clk 01:25:46]}
b6 {[%clk 00:53:57]} {[%emt 00:00:03]} 15. Ne4 {[%clk 01:24:23]} Nxe5 {[%clk
00:52:13]} 16. Bxe5 {[%clk 01:24:27]} Nxe4 {[%clk 00:52:12]} 17. Bxe4 {[%clk
01:24:43]} Ra7 {[%clk 00:52:28]} 18. Rd2 {[%clk 01:23:54]} f6 {[%clk 00:47:53]}
{[%emt 00:04:17]} 19. Bc3 {[%clk 01:23:15]} {[%emt 00:00:57]} Bb7 {[%clk
00:43:48]} {[%emt 00:05:18]} 20. Bxb7 {[%clk 01:23:17]} Rxb7 {[%clk 00:44:13]}
21. b4 {[%clk 01:23:25]} {[%emt 00:00:16]} Be7 {[%emt 00:01:41]} 22. Re1 {[%clk
01:22:48]} e5 {[%clk 00:43:55]} {[%emt 00:03:06]} 23. Red1 {[%clk 01:23:03]}
Kf7 {[%clk 00:42:49]} 24. Rd7 {[%clk 01:19:38]} {[%emt 00:04:47]} Rxd7 {[%clk
00:42:18]} 25. Rxd7 {[%clk 01:19:55]} Rb8 {[%clk 00:42:30]} {[%emt 00:00:15]}
26. Ra7 {[%clk 01:19:46]} {[%emt 00:00:38]} a5 {[%clk 00:42:20]} {[%emt
00:00:49]} 27. a3 {[%clk 01:19:49]} {[%emt 00:02:57]} h6 {[%clk 00:41:51]} 28.
h3 {[%clk 01:20:00]} axb4 {[%clk 00:41:55]} 29. Bxb4 {[%clk 01:20:09]} Re8
{[%clk 00:42:04]} 30. Rb7 {[%clk 01:20:09]} {[%emt 00:00:17]} Kf8 {[%clk
00:41:55]} {[%emt 00:02:00]} 31. Bxe7+ {[%emt 00:03:07]} Rxe7 32. Rxb6 {[%clk
01:19:05]} Rc7 {[%clk 00:42:05]} 33. Rb4 {[%clk 01:19:18]} Ke7 {[%clk
00:40:51]} 34. Kf1 {[%clk 01:19:22]} Kd6 {[%clk 00:41:09]} {[%emt 00:00:05]}
35. Ke2 {[%emt 00:00:20]} Kc5 {[%emt 00:02:37]} 36. Ra4 {[%clk 01:19:04]} Kd4
{[%clk 00:40:48]} 37. Kf3 {[%clk 01:18:42]} Rxc4 {[%clk 00:39:37]} {[%emt
00:01:32]} 38. Rxc4+ {[%clk 01:19:00]} Kxc4 {[%emt 00:00:19]} 39. a4 {[%clk
01:19:16]} {[%emt 00:00:20]} Kb4 {[%clk 00:40:32]} 40. Ke4 {[%clk 01:19:29]}
{[%emt 00:00:19]} Kxa4 {[%clk 00:39:51]} {[%emt 00:01:07]} 41. Kf5 {[%clk
01:19:41]} Kb5 {[%clk 00:40:11]} {[%emt 00:00:06]} 42. Kg6 {[%clk 01:19:59]}
{[%emt 00:00:21]} Kc4 {[%clk 00:40:40]} 43. Kxg7 {[%clk 01:20:06]} {[%emt
00:00:38]} Kd4 {[%clk 00:40:56]} {[%emt 00:00:08]} 44. Kxf6 {[%emt 00:00:05]}
Ke4 {[%emt 00:02:45]} 45. Kg6 {[%clk 01:19:49]} Kf4 {[%clk 00:41:21]} 46. Kxh6
e4 47. h4 {[%clk 01:19:19]} Kg4 {[%clk 00:41:39]} 48. h5 Kf5 {[%emt 00:00:10]}
49. Kg7 {[%emt 00:00:17]} Kg5 {[%emt 00:01:02]} 50. h6 {[%clk 01:17:40]} 1-0

[Event "DVM U12 2020"]
[Site "Magdeburg GER"]
[Date "2021.08.07"]
[Round "6"]
[White "Schreiber, Benedikt"]
[Black "Werner, Florin"]
[Result "0-1"]
[Termination "normal"]
[Board "9.1"]
[WhiteElo "1248"]
[BlackElo "1533"]
[WhiteClock "01:23:22"]
[BlackClock "01:14:57"]
[WhiteTeam "Tischtennisclub Grün-Weiß Fritzdorf 1958 e. V."]
[BlackTeam "VSG 1880 Offenbach"]
[PlyCount "78"]
[WhiteFideId "16258533"]
[BlackFideId "16250230"]
[EventCountry "GER"]
[EventRounds "7"]
[EventType "team-swiss"]
[EventDate "2021.08.04"]

1. e4 {[%clk 01:30:54]} {[%emt 00:00:22]} e6 {[%clk 01:30:48]} 2. d4 {[%clk
01:31:16]} d5 {[%clk 01:31:07]} {[%emt 00:00:12]} 3. exd5 {[%clk 01:31:36]}
{[%emt 00:00:20]} exd5 {[%clk 01:31:29]} 4. Nf3 {[%clk 01:31:59]} {[%emt
00:00:04]} Bd6 {[%clk 01:31:25]} {[%emt 00:00:43]} 5. c4 {[%clk 01:32:08]}
{[%emt 00:00:49]} Nf6 {[%clk 01:31:38]} 6. Nc3 {[%clk 01:32:19]} {[%emt
00:00:20]} O-O {[%clk 01:31:47]} 7. Bg5 {[%clk 01:32:37]} {[%emt 00:00:47]} h6
{[%clk 01:31:41]} 8. Bh4 {[%clk 01:32:38]} {[%emt 00:12:38]} Re8+ {[%clk
01:31:40]} 9. Be2 {[%clk 01:32:56]} Nbd7 {[%clk 01:31:25]} 10. Nxd5 c6 11.
Nxf6+ {[%clk 01:31:25]} Nxf6 {[%clk 01:31:42]} 12. O-O {[%clk 01:31:46]} Bf5
{[%clk 01:31:05]} 13. h3 {[%clk 01:30:50]} Bg6 {[%clk 01:29:45]} 14. Re1 {[%clk
01:30:28]} Bb4 {[%clk 01:29:49]} 15. Rf1 {[%clk 01:29:42]} Bh5 {[%clk
01:19:53]} {[%emt 00:09:05]} 16. c5 {[%clk 01:25:52]} {[%emt 00:19:39]} Re4
{[%clk 01:12:20]} 17. Bd3 {[%clk 01:25:33]} Bxf3 {[%clk 01:12:31]} 18. Bxf6
{[%clk 01:23:57]} Bxd1 {[%clk 01:09:16]} 19. Bxd8 {[%clk 01:24:05]} {[%emt
00:00:09]} Rxd4 {[%clk 01:09:42]} {[%emt 00:00:04]} 20. Rfxd1 {[%clk 01:22:55]}
{[%emt 00:01:39]} Raxd8 {[%clk 01:09:53]} {[%emt 00:00:54]} 21. Bc2 {[%clk
01:22:47]} Bxc5 {[%clk 01:09:48]} {[%emt 00:00:35]} 22. Re1 {[%clk 01:21:30]}
{[%emt 00:01:40]} Rd2 {[%clk 01:09:46]} {[%emt 00:00:40]} 23. Rad1 {[%clk
01:19:50]} {[%emt 00:02:39]} Bxf2+ {[%clk 01:09:57]} 24. Kf1 {[%clk 01:20:14]}
Bxe1 {[%clk 01:10:17]} {[%emt 00:00:05]} 25. Kxe1 {[%clk 01:20:27]} {[%emt
00:09:28]} Rxd1+ {[%clk 01:10:43]} 26. Bxd1 {[%clk 01:20:47]} Rxd1+ {[%clk
01:10:46]} 27. Kxd1 {[%clk 01:21:07]} f5 {[%clk 01:11:12]} {[%emt 00:00:03]}
28. Ke2 {[%clk 01:21:28]} Kf7 {[%clk 01:11:38]} 29. Ke3 {[%clk 01:21:42]} Ke6
{[%clk 01:11:58]} 30. g4 {[%clk 01:21:48]} g5 {[%clk 01:12:00]} 31. a4 {[%clk
01:21:56]} {[%emt 00:00:04]} a5 {[%clk 01:12:19]} 32. b3 {[%clk 01:22:18]} b5
{[%clk 01:12:32]} 33. Kd4 {[%clk 01:22:34]} f4 {[%clk 01:12:53]} 34. Kc5 {[%clk
01:22:25]} {[%emt 00:00:04]} f3 {[%clk 01:13:15]} 35. axb5 {[%clk 01:22:42]}
cxb5 {[%clk 01:13:41]} 36. Kxb5 {[%clk 01:23:03]} f2 {[%clk 01:14:08]} 37. Kxa5
{[%clk 01:23:25]} {[%emt 00:00:03]} f1=Q {[%clk 01:14:31]} 38. b4 Qxh3 39. Ka6
{[%clk 01:23:22]} Qxg4 {[%clk 01:14:57]} 0-1

[Event "DVM U12 2020"]
[Site "Magdeburg GER"]
[Date "2021.08.07"]
[Round "6"]
[White "Laux, Filip"]
[Black "Mombauer, Felix"]
[Result "1-0"]
[Termination "normal"]
[Board "9.2"]
[WhiteElo "1204"]
[BlackElo "1177"]
[WhiteClock "00:46:27"]
[BlackClock "01:28:20"]
[WhiteTeam "VSG 1880 Offenbach"]
[BlackTeam "Tischtennisclub Grün-Weiß Fritzdorf 1958 e. V."]
[PlyCount "73"]
[WhiteFideId "16275730"]
[BlackFideId "34608249"]
[EventCountry "GER"]
[EventRounds "7"]
[EventType "team-swiss"]
[EventDate "2021.08.04"]

1. e4 {[%clk 01:30:51]} {[%emt 00:00:13]} e5 {[%clk 01:30:40]} 2. Nf3 {[%clk
01:31:07]} Nc6 {[%clk 01:30:47]} 3. Bc4 {[%clk 01:31:16]} Be7 {[%clk 01:31:00]}
4. d3 {[%clk 01:30:36]} d6 {[%clk 01:30:28]} 5. Bb3 {[%clk 01:30:39]} Bg4
{[%clk 01:30:43]} 6. c3 {[%clk 01:30:42]} Nf6 {[%clk 01:30:20]} 7. Nbd2 {[%clk
01:30:20]} O-O {[%clk 01:30:02]} 8. O-O {[%clk 01:30:08]} d5 {[%clk 01:29:44]}
{[%emt 00:17:15]} 9. exd5 {[%clk 01:29:51]} Nxd5 {[%clk 01:29:57]} 10. Ne4
{[%clk 01:26:13]} Nf6 {[%clk 01:29:42]} 11. Ng3 {[%clk 01:25:16]} Qd7 {[%clk
01:29:37]} 12. Qc2 {[%clk 01:20:16]} Rad8 {[%clk 01:29:36]} 13. Rd1 {[%clk
01:19:20]} Bxf3 {[%clk 01:29:18]} 14. gxf3 {[%clk 01:19:26]} Na5 {[%clk
01:29:06]} 15. Kg2 {[%clk 01:19:16]} c5 {[%clk 01:29:18]} 16. Be3 {[%clk
01:17:08]} b5 {[%clk 01:28:37]} 17. c4 {[%clk 01:16:36]} bxc4 {[%clk 01:27:53]}
18. Bxc4 {[%clk 01:16:35]} Qc7 {[%clk 01:27:33]} {[%emt 00:14:53]} 19. b3
{[%clk 01:04:18]} Nc6 {[%clk 01:27:45]} 20. Re1 {[%clk 01:03:21]} Nd4 {[%clk
01:27:50]} {[%emt 00:00:35]} 21. Bxd4 {[%clk 01:02:58]} {[%emt 00:19:39]} cxd4
{[%clk 01:27:56]} 22. Bxf7+ {[%clk 01:03:24]} Rxf7 23. Qxc7 Nd5 {[%clk
01:27:47]} 24. Qxe5 {[%clk 00:56:10]} Bf6 25. Qe2 Nf4+ {[%clk 01:26:42]} 26.
Kf1 {[%clk 00:56:23]} Nxe2 {[%clk 01:26:57]} 27. Rxe2 {[%clk 00:56:52]} Re7
{[%clk 01:27:12]} 28. Rxe7 {[%clk 00:57:00]} Bxe7 {[%clk 01:27:34]} 29. Rc1
{[%clk 00:56:53]} Bb4 {[%clk 01:27:49]} 30. Rc4 {[%clk 00:56:36]} Bc3 {[%clk
01:27:57]} 31. Ne4 {[%clk 00:56:01]} Rf8 {[%clk 01:27:59]} 32. Kg2 {[%clk
00:55:11]} Bb2 {[%clk 01:27:48]} 33. Kg3 {[%clk 00:52:57]} {[%emt 00:01:11]} g6
{[%clk 01:28:05]} {[%emt 00:00:05]} 34. f4 {[%clk 00:46:52]} {[%emt 00:06:58]}
Kg7 {[%clk 01:28:19]} 35. Rc7+ {[%clk 00:46:48]} {[%emt 00:01:27]} Kh6 {[%clk
01:28:36]} 36. Ng5 {[%clk 00:46:59]} Ba3 {[%clk 01:28:20]} 37. Rxh7# {[%clk
00:46:27]} {[%emt 00:03:35]} 1-0